Risultati Serie A 2023-2024 - 1ª giornata - Statistics

Statistiche generali
  • Questo quiz è stato fatto 59 volte
  • Il punteggio medio è 5 su 10
Statistiche sulle risposte
Hint Risposta % Corretto
Inter-Monza 2-0
81%
Udinese-Juventus 0-3
64%
Frosinone-Napoli 1-3
62%
Roma-Salernitana 2-2
60%
Torino-Cagliari 0-0
55%
Bologna-Milan 0-2
55%
Lecce-Lazio 2-1
51%
Empoli-Verona 0-1
42%
Genoa-Fiorentina 1-4
38%
Sassuolo-Atalanta 0-2
36%
Nessun quiz corrispondente trovato
Distribuzione punteggi
Percentuale di utenti per punteggio
Percentile per numero di risposta
I tuoi punteggi nel tempo
Non hai fatto questo quiz